Normal view
MARC view
- تأليف الخراط،إدوارد
Entry Personal Name
001 - CONTROL NUMBER
- control field: 23955
003 - CONTROL NUMBER IDENTIFIER
- control field: JO-AjAnu
005 - DATE AND TIME OF LATEST TRANSACTION
- control field: 20230606074119.0
008 - FIXED-LENGTH DATA ELEMENTS
- fixed length control field: 230606|| aca||aabn | a|a d
040 ## - CATALOGING SOURCE
- Original cataloging agency: JO-AjAnu
- Transcribing agency: JO-AjAnu
100 ## - HEADING--PERSONAL NAME
- Personal name: تأليف الخراط،إدوارد
670 ## - SOURCE DATA FOUND
- Source citation: Work cat.: (JO-AjAnu)12315: تأليف الخراط،إدوارد, author, مواجهة المستحيل: مقاطع أخرى من سيرة ذاتية للكاتبة